[Event "2. Bundesliga West 2012/13"]
[Site "Salzburg"]
[Date "2012.10.07"]
[Round "3"]
[Board "1"]
[White "Schmidt, Georg"]
[Black "Zelcic, Robert"]
[Result "0-1"]
[WhiteElo "2347"]
[BlackElo "2554"]
[PlyCount "100"]
[EventDate "2012.10.05"]
[EventType "team"]
[EventRounds "11"]
[EventCountry "AUT"]
[WhiteTeam "Mozart-Wals-Treuhand"]
[BlackTeam "Schwarzach"]

1. e4 c6 2. d4 d5 3. exd5 cxd5 4. Bd3 Nc6 5. c3 Qc7 6. h3 g6 7. Nf3 Nf6 8. O-O
Bf5 9. Re1 Bxd3 10. Qxd3 Bg7 11. Ne5 Nd7 12. Nxd7 Qxd7 13. Bf4 O-O 14. Nd2 Rae8
15. Re2 f6 16. Rae1 e5 17. dxe5 fxe5 18. Bg3 Qf7 19. f3 Rd8 20. a3 Rfe8 21. Nf1
a6 22. Qd1 b5 23. Bf2 h5 24. Qb3 Na5 25. Qc2 Rc8 26. Qd3 Nc4 27. Bg3 Rcd8 28.
Bh4 Rd7 29. Qc2 Kh7 30. Bg3 Red8 31. b3 d4 32. cxd4 exd4 33. Qd3 Ne3 34. Nd2
Rc8 35. Ne4 Qf5 36. Rd2 Nd5 37. Rc2 Rc3 38. Rxc3 dxc3 39. Qc2 Nf4 40. Rd1 Rxd1+
41. Qxd1 Ne6 42. Be1 Qf4 43. g3 Qc7 44. Qd5 c2 45. Bd2 c1=Q+ 46. Bxc1 Qxc1+ 47.
Kg2 Bd4 48. Nf6+ Kh6 49. Ng8+ Kg7 50. Qd7+ Kh8 0-1

[Event "2. Bundesliga West 2012/13"]
[Site "Salzburg"]
[Date "2012.10.07"]
[Round "3"]
[Board "2"]
[White "Krstic, Uros"]
[Black "Panteleev, Petar"]
[Result "1-0"]
[WhiteElo "2466"]
[BlackElo "2306"]
[PlyCount "57"]
[EventDate "2012.10.05"]
[EventType "team"]
[EventRounds "11"]
[EventCountry "AUT"]
[WhiteTeam "Schwarzach"]
[BlackTeam "Mozart-Wals-Treuhand"]

1. e4 e5 2. Nf3 Nc6 3. Bb5 Nf6 4. Qe2 d6 5. c3 Be7 6. d3 O-O 7. Nbd2 a6 8. Ba4
Nh5 9. Nf1 f5 10. h4 Nf4 11. Bxf4 exf4 12. N1d2 fxe4 13. dxe4 Qe8 14. O-O-O b5
15. Bb3+ Kh8 16. Bd5 Bf6 17. Ng5 Rb8 18. Bxc6 Qxc6 19. Qh5 h6 20. Qg6 Bxg5 21.
hxg5 Qe8 22. Rxh6+ gxh6 23. Qxh6+ Kg8 24. Rh1 Qd7 25. Qh8+ Kf7 26. g6+ Ke8 27.
g7 Qf7 28. Qxf8+ Qxf8 29. Rh8 1-0

[Event "2. Bundesliga West 2012/13"]
[Site "Salzburg"]
[Date "2012.10.07"]
[Round "3"]
[Board "4"]
[White "Ljubic, Juro"]
[Black "Peterwagner, Heinz"]
[Result "1/2-1/2"]
[WhiteElo "2193"]
[BlackElo "2129"]
[PlyCount "59"]
[EventDate "2012.10.05"]
[EventType "team"]
[EventRounds "11"]
[EventCountry "AUT"]
[WhiteTeam "Schwarzach"]
[BlackTeam "Mozart-Wals-Treuhand"]

1. e4 c5 2. Nf3 Nc6 3. Bb5 d6 4. d4 cxd4 5. Qxd4 Bd7 6. Qd3 g6 7. O-O Bg7 8. c4
Nf6 9. Nc3 O-O 10. Bxc6 Bxc6 11. Re1 Nd7 12. Qc2 Rc8 13. Be3 Qa5 14. Rab1 b6
15. Bd4 Ba8 16. Bxg7 Kxg7 17. b3 Kg8 18. Re2 Qh5 19. Nd5 Rfe8 20. Qb2 b5 21.
cxb5 Bxd5 22. exd5 Qxd5 23. a4 Nc5 24. h3 Rb8 25. Rd2 Qb7 26. Re1 Ne6 27. Re3
Rbc8 28. Nd4 Nc5 29. Nf3 Ne4 30. Rde2 1/2-1/2

[Event "2. Bundesliga West 2012/13"]
[Site "Salzburg"]
[Date "2012.10.07"]
[Round "3"]
[Board "5"]
[White "Hamberger, Hermann"]
[Black "Stoeckl, Norbert"]
[Result "0-1"]
[WhiteElo "2114"]
[BlackElo "2057"]
[PlyCount "102"]
[EventDate "2012.10.05"]
[EventType "team"]
[EventRounds "11"]
[EventCountry "AUT"]
[WhiteTeam "Mozart-Wals-Treuhand"]
[BlackTeam "Schwarzach"]

1. e4 c5 2. Nf3 e6 3. d4 cxd4 4. Nxd4 a6 5. Nc3 Qc7 6. g3 Nf6 7. Bg2 Bb4 8.
Nde2 Nc6 9. O-O Bc5 10. Bf4 Ne5 11. Nd4 d6 12. Bg5 Bd7 13. Rb1 Rc8 14. Kh1 b5
15. Nce2 h6 16. Bc1 Nc6 17. c3 e5 18. Nb3 Bb6 19. Qd3 Be6 20. Be3 Bxe3 21. Qxe3
a5 22. Ra1 O-O 23. f4 a4 24. Nd2 Qa7 25. Qxa7 Nxa7 26. h3 Rc5 27. Rfd1 Rfc8 28.
f5 Bd7 29. Nf1 d5 30. exd5 Bxf5 31. Ne3 Be4 32. d6 Rd8 33. Kg1 Bxg2 34. Kxg2
Rc6 35. Nf5 Kf8 36. Kf3 h5 37. Ne3 Rcxd6 38. g4 hxg4+ 39. hxg4 Nc6 40. Rxd6
Rxd6 41. Rd1 Rxd1 42. Nxd1 Ke7 43. Ne3 Ke6 44. Ng3 Na5 45. Ngf1 Nd5 46. Nd1 g6
47. g5 Nc4 48. Ng3 a3 49. bxa3 Nxa3 50. Ke4 Nf4 51. Ne3 Nh3 0-1

[Event "2. Bundesliga West 2012/13"]
[Site "Salzburg"]
[Date "2012.10.07"]
[Round "3"]
[Board "6"]
[White "Hajdarevic, Dino"]
[Black "Donegani, Peter"]
[Result "1-0"]
[WhiteElo "2044"]
[BlackElo "2083"]
[PlyCount "83"]
[EventDate "2012.10.05"]
[EventType "team"]
[EventRounds "11"]
[EventCountry "AUT"]
[WhiteTeam "Schwarzach"]
[BlackTeam "Mozart-Wals-Treuhand"]

1. d4 Nf6 2. Nf3 g6 3. g3 d5 4. Bg2 Bg7 5. O-O O-O 6. Nbd2 a5 7. a4 Ne4 8. c3
f5 9. Qb3 Nxd2 10. Bxd2 e6 11. Bf4 Nd7 12. Rfe1 h6 13. h4 Kh7 14. e3 Bf6 15. c4
c6 16. Bd6 Re8 17. c5 e5 18. Qc3 e4 19. Ne5 Nxe5 20. dxe5 Bg7 21. Reb1 Re6 22.
h5 Qe8 23. hxg6+ Kxg6 24. b4 axb4 25. Rxb4 Bxe5 26. Bxe5 Rxe5 27. a5 Re7 28.
Bf1 Kh7 29. Be2 Qh8 30. Qa3 Qg7 31. Rb6 Be6 32. a6 bxa6 33. Rxc6 Rg8 34. Rb1 f4
35. exf4 e3 36. Rbb6 exf2+ 37. Kxf2 Qd4+ 38. Kg2 Qe4+ 39. Qf3 Rxg3+ 40. Kxg3
Rg7+ 41. Kh2 Qd4 42. Qd3+ 1-0

[Event "2. Bundesliga West 2012/13"]
[Site "Salzburg"]
[Date "2012.10.07"]
[Round "3"]
[Board "1"]
[White "Prusikin, Michael"]
[Black "Roth, Peter"]
[Result "1-0"]
[WhiteElo "2543"]
[BlackElo "2226"]
[PlyCount "43"]
[EventDate "2012.10.05"]
[EventType "team"]
[EventRounds "11"]
[EventCountry "AUT"]
[WhiteTeam "SIR Bernhard"]
[BlackTeam "ASK 1"]

1. e4 e6 2. d4 d5 3. Nd2 dxe4 4. Nxe4 Nd7 5. Nf3 Ngf6 6. Nxf6+ Nxf6 7. c3 a6 8.
Be3 Bd6 9. Bd3 Qe7 10. O-O Bd7 11. c4 c5 12. Re1 O-O 13. Bg5 cxd4 14. Nxd4 Qd8
15. Qf3 Be7 16. Rad1 g6 17. Bc2 Nh5 18. Bh6 Ng7 19. Qxb7 Rb8 20. Qf3 Qc7 21.
Bf4 Bd6 22. Nxe6 1-0

[Event "2. Bundesliga West 2012/13"]
[Site "Salzburg"]
[Date "2012.10.07"]
[Round "3"]
[Board "2"]
[White "Harringer, Franz"]
[Black "Bromberger, Stefan"]
[Result "0-1"]
[WhiteElo "2214"]
[BlackElo "2492"]
[PlyCount "102"]
[EventDate "2012.10.05"]
[EventType "team"]
[EventRounds "11"]
[EventCountry "AUT"]
[WhiteTeam "ASK 1"]
[BlackTeam "SIR Bernhard"]

1. e4 c5 2. Nf3 d6 3. d4 cxd4 4. Nxd4 Nf6 5. Nc3 a6 6. h3 g6 7. Be3 Bg7 8. g4
Nc6 9. Qd2 d5 10. Nxc6 bxc6 11. Rd1 Qc7 12. Bg2 Nxe4 13. Nxe4 dxe4 14. Bxe4 O-O
15. Bd4 Rd8 16. Bb6 Rxd2 17. Bxc7 Rxd1+ 18. Kxd1 Bxb2 19. Bxc6 Bxg4+ 20. hxg4
Rc8 21. Bb7 Rxc7 22. Bxa6 Ra7 23. Bd3 Rxa2 24. Ke2 Ra5 25. f4 Ra4 26. Kf3 Bc3
27. Rb1 Bd2 28. f5 Kg7 29. Rd1 Bc3 30. Rb1 Kf6 31. Rb3 Be5 32. c4 Bd6 33. Rb5
Ra3 34. Rd5 Bc7 35. Ke4 Ra1 36. c5 Re1+ 37. Kd4 Rg1 38. Be2 Rg2 39. Bf3 Rd2+
40. Ke4 Rxd5 41. Kxd5 gxf5 42. gxf5 Kxf5 43. Be4+ Kf4 44. Bxh7 e5 45. Kc6 Ba5
46. Kd5 Bd8 47. Kc4 e4 48. Kc3 Ba5+ 49. Kc2 Kf3 50. Kd1 e3 51. Bd3 Kf2 0-1

[Event "2. Bundesliga West 2012/13"]
[Site "Salzburg"]
[Date "2012.10.07"]
[Round "3"]
[Board "3"]
[White "Geske, Julian"]
[Black "Juergens, Klaus"]
[Result "1-0"]
[WhiteElo "2391"]
[BlackElo "2170"]
[PlyCount "71"]
[EventDate "2012.10.05"]
[EventType "team"]
[EventRounds "11"]
[EventCountry "AUT"]
[WhiteTeam "SIR Bernhard"]
[BlackTeam "ASK 1"]

1. e4 c5 2. Nf3 Nc6 3. d4 cxd4 4. Nxd4 Nf6 5. Nc3 d6 6. Bc4 Bd7 7. O-O g6 8.
Bb3 Bg7 9. Re1 O-O 10. Bg5 Qb6 11. Nxc6 Bxc6 12. Nd5 Bxd5 13. exd5 h6 14. Bf4
Qc7 15. c3 a6 16. Qd2 g5 17. Be3 Ng4 18. Bd4 Bxd4 19. Qxd4 Nf6 20. Re3 Rae8 21.
Rae1 Qd7 22. h4 g4 23. Bd1 Kh7 24. Bc2+ Kg7 25. Rg3 Rg8 26. Qf4 e5 27. dxe6
Rxe6 28. Rf1 Re5 29. f3 h5 30. fxg4 Nxg4 31. Bf5 Qe8 32. Bxg4 hxg4 33. Rxg4+
Kf8 34. Qh6+ Ke7 35. Qf6+ Kd7 36. Rxg8 1-0

[Event "2. Bundesliga West 2012/13"]
[Site "Salzburg"]
[Date "2012.10.07"]
[Round "3"]
[Board "4"]
[White "Loeffler, Christoph"]
[Black "Mons, Leon"]
[Result "0-1"]
[WhiteElo "2166"]
[BlackElo "2338"]
[PlyCount "64"]
[EventDate "2012.10.05"]
[EventType "team"]
[EventRounds "11"]
[EventCountry "AUT"]
[WhiteTeam "ASK 1"]
[BlackTeam "SIR Bernhard"]

1. e4 g6 2. Nc3 Bg7 3. f4 d6 4. Nf3 a6 5. a4 Nf6 6. d4 c5 7. dxc5 Qa5 8. Bd3
Qxc5 9. Qe2 O-O 10. Be3 Qa5 11. O-O Bg4 12. h3 Bxf3 13. Qxf3 Nc6 14. Qf2 Nd7
15. Nd5 Bxb2 16. Rab1 Bg7 17. Rxb7 Nc5 18. Rb6 e6 19. Rxc6 exd5 20. Bxc5 dxe4
21. Bb6 Qd5 22. Bxe4 Qxe4 23. Rxd6 Qxa4 24. Rfd1 Rac8 25. R1d2 Rfe8 26. g3 Bc3
27. Re2 Qc4 28. Rd3 a5 29. Rxe8+ Rxe8 30. Qc5 Qe6 31. Rxc3 Qe1+ 32. Kg2 Qd2+
0-1

[Event "2. Bundesliga West 2012/13"]
[Site "Salzburg"]
[Date "2012.10.07"]
[Round "3"]
[Board "6"]
[White "Herrmann, Michael"]
[Black "Huch, Reiner"]
[Result "0-1"]
[WhiteElo "2149"]
[BlackElo "2317"]
[PlyCount "118"]
[EventDate "2012.10.05"]
[EventType "team"]
[EventRounds "11"]
[EventCountry "AUT"]
[WhiteTeam "ASK 1"]
[BlackTeam "SIR Bernhard"]

1. c4 e5 2. g3 c6 3. d4 d6 4. dxe5 dxe5 5. Qxd8+ Kxd8 6. Nc3 Be6 7. b3 Nd7 8.
Nf3 f6 9. Bg2 a5 10. O-O Bb4 11. Ne4 a4 12. Be3 Ba3 13. Rfd1 Kc7 14. h3 h5 15.
Bc1 Bb4 16. Bd2 Bxd2 17. Nfxd2 Ne7 18. e3 Rhd8 19. Kf1 Ng6 20. Ke1 Ngf8 21. Bf1
Bf5 22. h4 Ne6 23. b4 a3 24. Nc3 Nb6 25. Nde4 Na4 26. Rxd8 Nxd8 27. Rd1 Bg4 28.
Rd2 Nf7 29. Nb1 Bf5 30. Bd3 Nb2 31. f3 Nxd3+ 32. Rxd3 Nd6 33. Nbd2 Bxe4 34.
fxe4 Ra4 35. Rb3 c5 36. bxc5 Nxc4 37. Nxc4 Rxc4 38. Rxa3 Rxe4 39. Rc3 Rg4 40.
Kf2 Ra4 41. a3 Kc6 42. Rd3 Kxc5 43. Rd7 b5 44. Rxg7 Rxa3 45. Rh7 b4 46. Rxh5 b3
47. Rh8 Ra6 48. Rb8 Rb6 49. Rc8+ Kb4 50. Rc1 b2 51. Rb1 Kc3 52. Kf3 f5 53. e4
Rb3 54. Kf2 fxe4 55. g4 Kc2 56. Rxb2+ Kxb2 57. h5 Rf3+ 58. Kg2 Rf4 59. Kg3 e3
0-1

[Event "2. Bundesliga West 2012/13"]
[Site "Rum"]
[Date "2012.11.30"]
[Round "4"]
[Board "1"]
[White "Webersberger, Johann"]
[Black "Fedorovsky, Michael"]
[Result "1/2-1/2"]
[WhiteElo "2392"]
[BlackElo "2401"]
[PlyCount "81"]
[EventDate "2012.10.05"]
[EventType "team"]
[EventRounds "11"]
[EventCountry "AUT"]
[WhiteTeam "ATSV Ranshofen"]
[BlackTeam "Rochade Rum"]

1. d4 Nf6 2. Bg5 e6 3. e4 c5 4. d5 d6 5. Nc3 Be7 6. Nf3 O-O 7. Qd2 exd5 8. exd5
Re8 9. Be2 Bg4 10. O-O Nbd7 11. Bf4 a6 12. a4 Qa5 13. Rfe1 Bf8 14. h3 Bh5 15.
g4 Bg6 16. Nh4 Nb6 17. Nxg6 hxg6 18. Ne4 Qxd2 19. Nxf6+ gxf6 20. Bxd2 Nxd5 21.
Bf3 Nb4 22. Bxb4 cxb4 23. Bxb7 Rxe1+ 24. Rxe1 Ra7 25. Bd5 Rc7 26. Bb3 Re7 27.
Rd1 Re8 28. Kg2 f5 29. f4 Rc8 30. Re1 fxg4 31. hxg4 g5 32. Rf1 Bg7 33. fxg5 d5
34. Rf5 Bxb2 35. Bxd5 Kg7 36. Kf3 Rxc2 37. Rxf7+ Kg6 38. Rf5 Rc3+ 39. Ke2 Rc7
40. Kd3 Rc3+ 41. Ke4 1/2-1/2

[Event "2. Bundesliga West 2012/13"]
[Site "Rum"]
[Date "2012.11.30"]
[Round "4"]
[Board "2"]
[White "Gatterer, Florian"]
[Black "Dovzik, Juri"]
[Result "0-1"]
[WhiteElo "2267"]
[BlackElo "2346"]
[PlyCount "160"]
[EventDate "2012.10.05"]
[EventType "team"]
[EventRounds "11"]
[EventCountry "AUT"]
[WhiteTeam "Rochade Rum"]
[BlackTeam "ATSV Ranshofen"]

1. d4 d5 2. c4 c6 3. Nc3 Nf6 4. Nf3 a6 5. c5 Nbd7 6. Bf4 Nh5 7. Bg5 h6 8. Bd2
Nhf6 9. Bf4 Nh5 10. Be5 Nxe5 11. Nxe5 g6 12. e3 Bg7 13. f4 Nf6 14. Bd3 Bf5 15.
g4 Bxd3 16. Qxd3 Nd7 17. O-O-O Nxe5 18. fxe5 Qd7 19. Rhe1 O-O-O 20. h4 g5 21.
h5 f6 22. exf6 Bxf6 23. Rf1 Rdf8 24. Ne2 e6 25. Ng3 Qh7 26. Kc2 Qxd3+ 27. Kxd3
Bd8 28. Rxf8 Rxf8 29. Rf1 Rxf1 30. Nxf1 Bc7 31. Nd2 Kd7 32. Nf3 Ke7 33. e4 Bf4
34. b3 Kd7 35. Ng1 Bc7 36. Nf3 Ke7 37. exd5 exd5 38. Ne1 Bg3 39. Nf3 Ke6 40.
Kc3 Bf4 41. Kb4 Kd7 42. Ka4 Kc8 43. b4 Kd7 44. Kb3 Kc7 45. Kc3 Kd7 46. a4 Kc7
47. Kd3 Kd7 48. Ng1 Bg3 49. Nf3 Bf4 50. Ne1 Bg3 51. Nc2 Bf4 52. Na3 Bc1 53. Nb1
Bf4 54. Nc3 Bg3 55. b5 axb5 56. axb5 Bf4 57. bxc6+ bxc6 58. Na2 Kc7 59. Nb4 Kb7
60. Ke2 Bh2 61. Kf2 Bf4 62. Nd3 Bc7 63. Ne1 Ka6 64. Ng2 Kb5 65. Ne3 Bd8 66. Nf5
Bf6 67. Nxh6 Bxd4+ 68. Ke2 Kxc5 69. Nf7 Bf6 70. Kd3 Kb4 71. h6 c5 72. h7 c4+
73. Kc2 d4 74. Nxg5 d3+ 75. Kd1 c3 76. Ne4 Be5 77. g5 c2+ 78. Kc1 Ka3 79. h8=Q
Bxh8 80. Nf6 Kb3 0-1

[Event "2. Bundesliga West 2012/13"]
[Site "Rum"]
[Date "2012.11.30"]
[Round "4"]
[Board "4"]
[White "Hoellrigl, Wilfried"]
[Black "Zoister, Stefan"]
[Result "1/2-1/2"]
[WhiteElo "2199"]
[BlackElo "2203"]
[PlyCount "73"]
[EventDate "2012.10.05"]
[EventType "team"]
[EventRounds "11"]
[EventCountry "AUT"]
[WhiteTeam "Rochade Rum"]
[BlackTeam "ATSV Ranshofen"]

1. e4 c6 2. d4 d5 3. e5 Bf5 4. Nc3 e6 5. g4 Bg6 6. Nge2 c5 7. h4 h5 8. Nf4 Nc6
9. Nxg6 fxg6 10. Bb5 cxd4 11. Qxd4 Nge7 12. Bg5 Qc7 13. O-O-O a6 14. Bxe7 axb5
15. Bd6 Qxd6 16. exd6 Nxd4 17. Rxd4 Bxd6 18. Nxb5 Be5 19. Rb4 Rxa2 20. Kb1 Ra6
21. Re1 Bh2 22. Nd4 O-O 23. Rxe6 Rxf2 24. Rxa6 bxa6 25. Ne6 Bg3 26. Rd4 Rf6 27.
Nc5 Rd6 28. gxh5 gxh5 29. Nd3 g5 30. hxg5 Kg7 31. Kc1 Kg6 32. Kd1 Kxg5 33. Ke2
Kf5 34. Kf3 Be5 35. Rh4 Rh6 36. b3 Rh7 37. b4 1/2-1/2

[Event "2. Bundesliga West 2012/13"]
[Site "Rum"]
[Date "2012.11.30"]
[Round "4"]
[Board "5"]
[White "Knechtel, Roland"]
[Black "Jedinger, Andreas"]
[Result "1/2-1/2"]
[WhiteElo "2217"]
[BlackElo "2174"]
[PlyCount "79"]
[EventDate "2012.10.05"]
[EventType "team"]
[EventRounds "11"]
[EventCountry "AUT"]
[WhiteTeam "ATSV Ranshofen"]
[BlackTeam "Rochade Rum"]

1. d4 Nf6 2. Nf3 g6 3. c4 Bg7 4. Nc3 d5 5. Bg5 Ne4 6. cxd5 Nxg5 7. Nxg5 c6 8.
e3 e6 9. Nf3 exd5 10. b4 Bf5 11. Be2 O-O 12. O-O Qd6 13. Qb3 Rd8 14. Rfd1 Nd7
15. h3 a6 16. Bd3 Bxd3 17. Rxd3 b5 18. a4 Nb6 19. Rd2 Bf8 20. Rb1 Nc4 21. Ra2
Re8 22. Ne2 Reb8 23. a5 Re8 24. Nf4 Bh6 25. Nd3 Ra7 26. Nc5 Bg7 27. Re1 f5 28.
Rae2 Bf6 29. Qd3 Qf8 30. Nh2 Be7 31. Nf3 Bf6 32. g3 Qh6 33. Kg2 Qf8 34. h4 h5
35. Rh1 Nd6 36. Qc2 Nc4 37. Ne1 Be7 38. Ncd3 Qf6 39. Qc1 Bd6 40. Nf4 1/2-1/2

[Event "2. Bundesliga West 2012/13"]
[Site "Rum"]
[Date "2012.11.30"]
[Round "4"]
[Board "6"]
[White "Moroder, Stefan"]
[Black "Kuecher, Wolfgang"]
[Result "1/2-1/2"]
[WhiteElo "2112"]
[BlackElo "2075"]
[PlyCount "61"]
[EventDate "2012.10.05"]
[EventType "team"]
[EventRounds "11"]
[EventCountry "AUT"]
[WhiteTeam "Rochade Rum"]
[BlackTeam "ATSV Ranshofen"]

1. e4 g6 2. d4 Bg7 3. Nf3 c5 4. dxc5 Qa5+ 5. c3 Qxc5 6. Na3 Nf6 7. Be3 Qc7 8.
Nb5 Qd8 9. Nxa7 Nxe4 10. Bd3 Nf6 11. Qb3 O-O 12. Bb6 Qe8 13. O-O d6 14. Nxc8
Qxc8 15. Rfe1 Nbd7 16. Rad1 e6 17. Bf1 Nxb6 18. Qxb6 d5 19. a3 Nd7 20. Qb4 Nc5
21. Bb5 Na6 22. Qh4 Qd8 23. Qh3 Qb6 24. Bd3 Nc5 25. Re2 Nxd3 26. Rxd3 Rfe8 27.
Qg3 Qb5 28. Rdd2 Bh6 29. Rc2 Bg7 30. Rcd2 Bh6 31. Rc2 1/2-1/2

[Event "2. Bundesliga West 2012/13"]
[Site "Rum"]
[Date "2012.11.30"]
[Round "4"]
[Board "1"]
[White "Krassowizkij, Jaroslaw"]
[Black "Bayer, Bernhard"]
[Result "1/2-1/2"]
[WhiteElo "2404"]
[BlackElo "2449"]
[PlyCount "71"]
[EventDate "2012.10.05"]
[EventType "team"]
[EventRounds "11"]
[EventCountry "AUT"]
[WhiteTeam "Goetzis"]
[BlackTeam "Schwaz"]

1. d4 Nf6 2. c4 d6 3. Nf3 Nbd7 4. g3 e5 5. Bg2 Be7 6. O-O O-O 7. Nc3 c6 8. e4
Qc7 9. h3 a6 10. a4 a5 11. Be3 Re8 12. d5 Nc5 13. Ne1 Nfd7 14. f4 exf4 15. gxf4
Bf6 16. Qc2 Bxc3 17. dxc6 bxc6 18. Qxc3 Nxe4 19. Bxe4 Rxe4 20. Nf3 Nf8 21. Nd2
Re8 22. Bd4 f6 23. Qg3 Kh8 24. f5 c5 25. Bc3 Bb7 26. Rac1 Qc6 27. Nb3 Qxa4 28.
Nxa5 Ba6 29. Qxd6 Bxc4 30. Nxc4 Qxc4 31. Bxf6 gxf6 32. Qxf6+ Kg8 33. Qg5+ Kh8
34. Qf6+ Kg8 35. Qg5+ Kh8 36. Qf6+ 1/2-1/2

[Event "2. Bundesliga West 2012/13"]
[Site "Rum"]
[Date "2012.11.30"]
[Round "4"]
[Board "2"]
[White "Deglmann, Ludwig"]
[Black "Eisenbeiser, Amadeus"]
[Result "0-1"]
[WhiteElo "2323"]
[BlackElo "2384"]
[PlyCount "78"]
[EventDate "2012.10.05"]
[EventType "team"]
[EventRounds "11"]
[EventCountry "AUT"]
[WhiteTeam "Schwaz"]
[BlackTeam "Goetzis"]

1. d4 g6 2. c4 Bg7 3. e4 d6 4. Nf3 e5 5. Nc3 exd4 6. Nxd4 Nc6 7. Be3 Nge7 8. h4
f5 9. h5 fxe4 10. hxg6 hxg6 11. Rxh8+ Bxh8 12. Nxe4 Nf5 13. Bg5 Qd7 14. Nxf5
Qxf5 15. Bd3 Qe5 16. f4 Qxb2 17. Rb1 Qxg2 18. Qe2 Qxe2+ 19. Kxe2 Nd4+ 20. Kf2
Ne6 21. Rh1 Bd4+ 22. Kg3 Kf7 23. Nd2 Nxg5 24. fxg5 Be5+ 25. Kf3 Bd7 26. Be4 Bc6
27. Bd5+ Kg7 28. Re1 Rf8+ 29. Ke2 Bxd5 30. cxd5 b6 31. Rc1 Rf7 32. Nf3 Bf4 33.
Rc3 Kf8 34. Nd4 Kg8 35. Ne6 Rf5 36. Rxc7 Bxg5 37. Rxa7 Bf6 38. Nc7 g5 39. Ne8
Re5+ 0-1

[Event "2. Bundesliga West 2012/13"]
[Site "Rum"]
[Date "2012.11.30"]
[Round "4"]
[Board "3"]
[White "Mittelberger, Peter"]
[Black "Fuchs, Georg"]
[Result "1-0"]
[WhiteElo "2217"]
[BlackElo "2308"]
[PlyCount "127"]
[EventDate "2012.10.05"]
[EventType "team"]
[EventRounds "11"]
[EventCountry "AUT"]
[WhiteTeam "Goetzis"]
[BlackTeam "Schwaz"]

1. e4 e5 2. Nf3 Nc6 3. d4 exd4 4. Nxd4 Nf6 5. Nxc6 bxc6 6. Bd3 d5 7. Nc3 Bb4 8.
exd5 cxd5 9. O-O O-O 10. Bg5 c6 11. Qf3 Be7 12. h3 h6 13. Bh4 Rb8 14. b3 Rb4
15. Bg3 Be6 16. a3 Rb7 17. Na4 Kh8 18. Rfe1 a5 19. Be5 Nd7 20. Bf4 Nc5 21. Nxc5
Bxc5 22. Be5 Bd6 23. Qg3 Bxe5 24. Rxe5 Qf6 25. Rae1 c5 26. Qe3 c4 27. bxc4 dxc4
28. Bxc4 Bxc4 29. Qc5 Rd8 30. Qxc4 Rb2 31. Qc3 Qb6 32. Re8+ Rxe8 33. Rxe8+ Kh7
34. Qd3+ Qg6 35. Qxg6+ Kxg6 36. Rc8 Ra2 37. Rc3 Ra1+ 38. Kh2 Kf6 39. Kg3 Ke6
40. Kf4 g5+ 41. Kg4 Rg1 42. g3 Rf1 43. Rc6+ Ke5 44. Rc5+ Ke6 45. Rxa5 Rxf2 46.
Ra6+ Ke5 47. Rxh6 Rxc2 48. Kxg5 Rc3 49. g4 Rxa3 50. Rf6 Rxh3 51. Rxf7 Rh8 52.
Re7+ Kd6 53. Rg7 Ke6 54. Kg6 Rh2 55. g5 Rg2 56. Ra7 Rg3 57. Kh6 Rg1 58. g6 Rg2
59. Kh7 Rh2+ 60. Kg8 Rg2 61. g7 Rd2 62. Ra6+ Ke7 63. Kh7 Rh2+ 64. Rh6 1-0

[Event "2. Bundesliga West 2012/13"]
[Site "Rum"]
[Date "2012.11.30"]
[Round "4"]
[Board "4"]
[White "Blaas, Hansjoerg"]
[Black "Engelhart, Achim"]
[Result "1-0"]
[WhiteElo "2259"]
[BlackElo "2130"]
[PlyCount "71"]
[EventDate "2012.10.05"]
[EventType "team"]
[EventRounds "11"]
[EventCountry "AUT"]
[WhiteTeam "Schwaz"]
[BlackTeam "Goetzis"]

1. e4 e6 2. d4 d5 3. e5 c5 4. c3 Nc6 5. Nf3 Nge7 6. Na3 cxd4 7. cxd4 Nf5 8. Nc2
Qb6 9. Be2 Bb4+ 10. Kf1 Be7 11. g4 Nh4 12. Nxh4 Bxh4 13. f4 f6 14. Kg2 O-O 15.
Rf1 Bd7 16. Kh3 g5 17. exf6 Rxf6 18. fxg5 Rxf1 19. Qxf1 Rf8 20. Bf3 e5 21.
Bxd5+ Kg7 22. Qe2 Bf2 23. dxe5 Nd4 24. Nxd4 Bxd4 25. Qe4 Bb5 26. Bf4 Bxb2 27.
e6 Qd4 28. Qxd4+ Bxd4 29. Rb1 Rxf4 30. Rxb5 Kf8 31. Rxb7 Bc5 32. Rxh7 Rd4 33.
Rf7+ Kg8 34. e7 Bxe7 35. Rxe7+ Rxd5 36. Rxa7 1-0

[Event "2. Bundesliga West 2012/13"]
[Site "Rum"]
[Date "2012.11.30"]
[Round "4"]
[Board "5"]
[White "Kranz, Armin"]
[Black "Gruber, Michael"]
[Result "0-1"]
[WhiteElo "2142"]
[BlackElo "2155"]
[PlyCount "108"]
[EventDate "2012.10.05"]
[EventType "team"]
[EventRounds "11"]
[EventCountry "AUT"]
[WhiteTeam "Goetzis"]
[BlackTeam "Schwaz"]

1. d4 f5 2. Nf3 Nf6 3. g3 g6 4. Bg2 Bg7 5. O-O O-O 6. b3 d6 7. Bb2 Na6 8. c4 c5
9. Nbd2 Rb8 10. a3 Bd7 11. Qc2 Kh8 12. d5 b5 13. Rab1 bxc4 14. bxc4 Qa5 15. Ng5
h6 16. Ne6 Bxe6 17. dxe6 Nc7 18. e4 Nxe6 19. exf5 Nd4 20. Bxd4 cxd4 21. fxg6
Qxa3 22. Rb3 Qc5 23. Rfb1 Rxb3 24. Nxb3 Qe5 25. Qd3 Ng4 26. Rf1 Qh5 27. h3 Ne5
28. Qe4 Qxg6 29. Nxd4 Qxe4 30. Bxe4 Nxc4 31. Ne6 Rb8 32. Nxg7 Kxg7 33. Rc1 Nd2
34. Bg2 Rb1 35. Rxb1 Nxb1 36. Kf1 Nc3 37. Ke1 Kf6 38. Kd2 Nb5 39. Kd3 Nc7 40.
f4 e5 41. fxe5+ Kxe5 42. Kc4 d5+ 43. Kd3 Ne6 44. h4 Nc5+ 45. Ke3 a5 46. g4 a4
47. Kd2 Nb3+ 48. Kc3 d4+ 49. Kc4 d3 50. g5 hxg5 51. hxg5 d2 52. Bf3 Nd4 53. Bd1
a3 54. Kc3 Kf5 0-1

[Event "2. Bundesliga West 2012/13"]
[Site "Rum"]
[Date "2012.11.30"]
[Round "4"]
[Board "6"]
[White "Kondrak, Christof"]
[Black "Becker, Matthias"]
[Result "0-1"]
[WhiteElo "2192"]
[BlackElo "2018"]
[PlyCount "76"]
[EventDate "2012.10.05"]
[EventType "team"]
[EventRounds "11"]
[EventCountry "AUT"]
[WhiteTeam "Schwaz"]
[BlackTeam "Goetzis"]

1. d4 d6 2. Nf3 g6 3. h3 Bg7 4. Bf4 c5 5. c3 Nd7 6. e3 Ngf6 7. Be2 O-O 8. O-O
b6 9. Bh2 Bb7 10. b4 cxb4 11. cxb4 Ne4 12. Nfd2 Ndf6 13. Bf3 Qd7 14. Nxe4 Nxe4
15. Qd3 f5 16. a4 Rac8 17. a5 Bd5 18. Qa3 Qc6 19. Bxe4 Bxe4 20. f3 Bd5 21. Nd2
Qc2 22. Qc1 f4 23. Ne4 Qd3 24. Qa3 Qxe3+ 25. Kh1 Bxd4 26. axb6 axb6 27. Qa7 Ra8
28. Qxe7 Rxa1 29. Rxa1 Bxa1 30. Bg1 Qd3 31. Qxd6 Bxe4 32. Qe6+ Kg7 33. fxe4 f3
34. gxf3 Qxf3+ 35. Kh2 Qf4+ 36. Kh1 Qe5 37. Qd7+ Rf7 38. Qd3 Qc3 0-1

[Event "2. Bundesliga West 2012/13"]
[Site "Rum"]
[Date "2012.11.30"]
[Round "4"]
[Board "1"]
[White "Bromberger, Stefan"]
[Black "Atlas, Valery"]
[Result "1-0"]
[WhiteElo "2492"]
[BlackElo "2430"]
[PlyCount "86"]
[EventDate "2012.10.05"]
[EventType "team"]
[EventRounds "11"]
[EventCountry "AUT"]
[WhiteTeam "SIR Bernhard"]
[BlackTeam "Hohenems II"]

1. e4 c5 2. Nf3 e6 3. d4 cxd4 4. Nxd4 Nf6 5. Nc3 d6 6. Be2 Be7 7. O-O O-O 8. f4
Nc6 9. Kh1 e5 10. Nb3 exf4 11. Bxf4 Be6 12. Qe1 Nd7 13. Rd1 Nde5 14. Nd5 Bg5
15. Qg3 h6 16. Nc5 dxc5 17. Bxe5 Nxe5 18. Qxe5 Rc8 19. Qg3 Kh8 20. Bg4 Bxg4 21.
Qxg4 Rc6 22. e5 Qe8 23. h4 Bd8 24. Qe4 Re6 25. Rde1 Qc6 26. c4 Ree8 27. Qg4 Qe6
28. Qh5 Kh7 29. Re4 f5 30. Re3 g6 31. Qe2 h5 32. Nf4 Qc6 33. e6 Rf6 34. e7 Bc7
35. Nd5 Rd6 36. Rxf5 Kg7 37. Rf8 Rxd5 38. Rxe8 Rd4 39. Rg8+ Kh7 40. Rh8+ Kg7
41. e8=Q Rxh4+ 42. Kg1 Bh2+ 43. Kf1 Bg3 1-0